FORENSIC MEDICINE AND TOXICOLOGY (Record no. 29165)
[ view plain ]
| 000 -LEADER | |
|---|---|
| fixed length control field | 00370nam a22001577a 4500 |
| 003 - CONTROL NUMBER IDENTIFIER | |
| control field | SGT |
| 082 ## - DEWEY DECIMAL CLASSIFICATION NUMBER | |
| Classification number | 614.1 |
| Item number | F24B |
| 100 ## - MAIN ENTRY--PERSONAL NAME | |
| Personal name | BISWAS, GAUTAM |
| 245 ## - TITLE STATEMENT | |
| Title | FORENSIC MEDICINE AND TOXICOLOGY |
| 250 ## - EDITION STATEMENT | |
| Edition statement | 2ND |
| 260 ## - PUBLICATION, DISTRIBUTION, ETC. (IMPRINT) | |
| Place of publication, distribution, etc | NEW DELHI |
| Name of publisher, distributor, etc | JAYPEE PUB. |
| Year of Publication | 2024 |
| 300 ## - PAGE DESCRIPTION | |
| No. of Pages | 301 |
| 650 ## - SUBJECT ADDED ENTRY--TOPICAL TERM | |
| Topical term or geographic name as entry element | FORENSIC MEDICINE |
| 653 ## - KEYWORDS--INDEX TERM | |
| Keyword term | FORENSIC, MEDICINE , TOXICOLOGY |
| 942 ## - ADDED ENTRY ELEMENTS (KOHA) | |
| Source of classification or shelving scheme | Dewey Decimal Classification |
| Koha item type | Books |
| Withdrawn status | Lost status | Source of classification or shelving scheme | Damaged status | Use restrictions | Not for loan | Collection code | Home library | Current library | Shelving location | Date acquired | Vendor Name | Cost, normal purchase price | SGTU | Bill Number | Total Checkouts | Full call number | Accession No. (Barcode) | Date last seen | Bill Date | Koha item type |
|---|---|---|---|---|---|---|---|---|---|---|---|---|---|---|---|---|---|---|---|---|
| Dewey Decimal Classification | Restricted Access | AYURVEDA | SGT FA-FP Library | SGT FA-FP Library | Reference Book | 18/01/2025 | AHUJA PUB. | 525.00 | SGTU | 19920 | 614.1 F24B | FA12615 | 18/01/2025 | 21/11/2024 | Books |